000 01960nam a22002537a 4500
999 _c58451
_d58451
003 Ge_BSU
005 20221221132859.0
008 220215s2022ge xxu||||| |||| 00| 0 geo d
041 _ageo
080 _a94 შ-51
100 _aშერვაშიძე, ირინე
_913546
245 _aXX საუკუნის 20-30-იანი წლების რეპრესიები პოლიტიკური და კულტურული მეხსიერების კონტექსში /
_cირინე შერვაშიძე, სამეცნ.ხელმძღ. თამაზ ფუტკარაძე.
264 _aბათუმი,
_c2022.
300 _a204 გვ.:
_c29 სმ.
501 _aდანართი 1 გვ:161-178 . დანართი 2 გვ:179-203.
504 _aბიბლიოგრ.გვ:153-159
653 _aXX საუკუნის 20-30-იანი წლების რეპრესიები პოლიტიკური და კულტურული მეხსიერების კონტექსში
653 _aისტორია
653 _aნაშრომი წარმოდგენილია ისტორიის დოქტორის აკადემიური დოქტორის მოსაპოვებლად
700 _aფუტკარაძე, თამაზ
_eსამეცნიერო ხელმძღვანელი
_913547
710 _aბათუმის შოთა რუსთაველის სახელმწიფო უნივერსიტეტი
_913548
710 _aჰუმანიტარულ მეცნიერებათა ფაკულტეტი
_bისტორიის, არქეოლოგიისა და ეთნოლოგიის დეპარტამენტი
_913549
942 _2udc
_cDS